20) Die Another Day Quiz - Statistics

General Stats
  • This quiz has been taken 379 times
    377 since last reset
  • The average score is 6 of 10
Answer Stats
Question Answer % Correct
What objects become embedded in Zao’s face? diamonds
98%
Who sang the title song and played Verity? Madonna
97%
What feature does Bond use to flip the Vanquish right-side up? ejector seat
74%
We see many old MI6 gadgets in Q branch, but which SPECTRE gadget does Bond sniff at? Klebb's dagger shoe
62%
Which James Bond actor’s daughter makes a cameo in this movie? Roger Moore
62%
What profession does Jinx describe as a "mouthful"? ornithologist
59%
What written work does Jinx pin to Miranda Frost’s chest when she stabs her The Art of War
48%
At which fencing club, named after the card club in Fleming's novels, does Bond duel with Graves? Blades
33%
What kind of cigars does Bond ask for to make contact with a Cuban sleeper agent delectados
29%
Whose identity does Bond (unsuccessfully) assume during the pre-title sequence in North Korea? Mr. Van Bierk
13%
No matching quizzes found
Score Distribution
Percent of People with Each Score
Percentile by Number Answered
Your Score History
You have not taken this quiz since the last reset